| 000 | 01266nac a22002891u 4500 | ||
|---|---|---|---|
| 010 | _a 2003062311 | ||
| 020 | _a0691118418 (cl : alk. paper) | ||
| 020 | _a0691119384 (pb : alk. paper) | ||
| 082 | 0 | 0 |
_a210 _bA155 |
| 090 |
_c348 _d348 |
||
| 100 | _aAbou El Fadl, Khaled, | ||
| 245 | 1 | 0 |
_aIslam and the challenge of democracy / _cKhaled Abou El Fadl ; edited by Joshua Cohen and Deborah Chasman. |
| 260 |
_aPrinceton, N.J. : _bPrinceton University Press, _cc2004. |
||
| 300 |
_a139 p. ; _c23 cm. |
||
| 500 | _a"A Boston Review book." | ||
| 650 | 0 | _aIslam and politics. | |
| 650 | 0 |
_aReligion and politics _zIslamic countries. |
|
| 650 | 0 |
_aDemocracy _xReligious aspects _xIslam. |
|
| 650 | 0 |
_aIslam _y21st century. |
|
| 700 | 1 |
_aCohen, Joshua, _d1951- |
|
| 700 | 1 | _aChasman, Deborah. | |
| 856 | 4 | 2 |
_3Contributor biographical information _uhttp://www.loc.gov/catdir/bios/prin051/2003062311.html |
| 856 | 4 | 2 |
_3Publisher description _uhttp://www.loc.gov/catdir/description/prin051/2003062311.html |
| 856 | 4 | 2 |
_3Table of contents _uhttp://www.loc.gov/catdir/toc/prin051/2003062311.html |
| 942 |
_cBB _k210A155 |
||
| 999 |
_c348 _d348 |
||